000 01259nam a22003497a 4500
003 CHAP
005 20220329143633.0
008 101105s1927 mx r 00010 spa d
010 _a99674
011 _a100646
035 _a111332
040 _cCHAP
090 _aFolleto 17827
100 0 0 _aGándara, Guillermo.
_948392
245 1 3 _aLa oficina de botánica aplicada y de plantas de cultivo del Instituto Agronómico Experimental de Rusia
_c/por Guillermo Gándara
260 _aMéxico, D. F. :
_bTalleres Gráficos de la Nación,
_c1927
300 _a42 p.
490 _aSociedad Científica Antonio Alzate. Memorias
_v; 47
590 _aBATCH-UPD
_b10
_c20130110
_lUCH01
_h1100
590 _aBATCH-UPD
_b10
_c20130410
_lUCH01
_h0653
590 _aBATCH-UPD
_b10
_c20130913
_lUCH01
_h2249
590 _aCONVERSION
_b10
_c20130109
_lUCH01
_h1355
650 1 4 _aAgricultura
_xEuropa
_zEuropa.
_9175388
650 1 4 _aAgricultura
_xU.R.S.S.
_91892
650 1 4 _aBotánica
_xEuropa.
_914539
650 1 4 _aBotánica
_xInvestigación.
_914562
650 1 4 _aBotánica
_xU.R.S.S.
_914629
830 0 _aSociedad Científica Antonio Alzate. Memorias
_v; 47
_9108052
901 _aBK
942 _cFOLL
949 _aFolleto 17827
_bBC
_cBPP
_d33724002119413
_eBPP
_i111332
_sb
999 _c99674
_d99674